[Event "Championnat de France des Jeunes - Pupilles"]
[Site "MONTLUCON"]
[Date "2011.04.23"]
[Round "8.8"]
[White "Chesterkine, Vassili"]
[Black "Amghar, Ismael"]
[Result "1/2-1/2"]
[WhiteElo "1603"]
[BlackElo "1630"]
[PlyCount "99"]

1. e4 e5 2. Nf3 Nc6 3. d4 exd4 4. Nxd4 Qf6 5. c3 Bc5 6. Be3 Nge7 7. Qd2 d5 8.
Nb5 Bxe3 9. Qxe3 O-O 10. Nd2 Bg4 11. f3 Bh5 12. Bd3 dxe4 13. Nxe4 Qe5 14. Qe2
a6 15. Na3 Rfd8 16. Nc4 Qf4 17. O-O Rd5 18. Rad1 Rad8 19. Ne3 Re5 20. g3 Qh6
21. g4 Bg6 22. f4 Rxe4 23. Bxe4 Rxd1 24. Rxd1 Bxe4 25. Nf5 Nxf5 26. Qxe4 Nd6
27. Qf3 Qe6 28. b3 Qe4 29. Qf2 h6 30. h3 Qg6 31. Kh2 Qf6 32. Qf3 g5 33. f5 Qe5+
34. Kg2 Qa5 35. Rd2 Qa3 36. Rc2 Qc5 37. Re2 a5 38. Qg3 Qb5 39. c4 Qc5 40. Re3
a4 41. Re2 axb3 42. axb3 Na5 43. Re3 Qd4 44. Re2 Qd1 45. Re3 Qc2+ 46. Kg1 Ne4
47. Qf3 Nd6 48. Qg3 Qd1+ 49. Kg2 Qc2+ 50. Kg1 1/2-1/2

[Event "Championnat de France des Jeunes - Pupilles"]
[Site "MONTLUCON"]
[Date "2011.04.23"]
[Round "8.9"]
[White "Mohammad, Fahim"]
[Black "Swerdlin, Ryan"]
[Result "1-0"]
[WhiteElo "1853"]
[BlackElo "1099"]
[PlyCount "47"]

1. d4 d5 2. c4 c6 3. Nf3 Nf6 4. e3 e6 5. Bd3 dxc4 6. Bxc4 b5 7. Bd3 a6 8. a4
Bb7 9. O-O Nbd7 10. Qe2 Be7 11. e4 Qc7 12. Rd1 O-O 13. e5 Nd5 14. Nc3 Nxc3 15.
bxc3 Rfd8 16. Ng5 g6 17. Nxh7 Nc5 18. Nf6+ Bxf6 19. exf6 Nxa4 20. Qg4 Kf8 21.
Bh6+ Ke8 22. Bxg6 Bc8 23. Bf5 Rd5 24. Qg8+ 1-0

[Event "Championnat de France des Jeunes - Pupilles"]
[Site "MONTLUCON"]
[Date "2011.04.23"]
[Round "8.10"]
[White "Gautier, Anand"]
[Black "Fort, Armand"]
[Result "0-1"]
[WhiteElo "1639"]
[BlackElo "1750"]
[PlyCount "104"]

1. e4 c5 2. Nf3 Nc6 3. d4 cxd4 4. Nxd4 e6 5. Nc3 Nf6 6. Be3 Bb4 7. Bd3 d5 8.
exd5 Nxd5 9. Nxc6 bxc6 10. Bd2 Nxc3 11. Bxc3 Bxc3+ 12. bxc3 O-O 13. O-O Bb7 14.
Rb1 Rb8 15. Qf3 Qc7 16. Be4 Rfd8 17. Rfd1 Rxd1+ 18. Rxd1 Rd8 19. g4 Rxd1+ 20.
Qxd1 h6 21. c4 c5 22. Bxb7 Qxb7 23. Qd6 Qb4 24. Qd8+ Kh7 25. Qd3+ g6 26. Qd7
Kg7 27. Qxa7 Qxc4 28. a4 Qxc2 29. Kg2 Qe4+ 30. f3 Qe2+ 31. Kg3 Qe5+ 32. Kf2 c4
33. Qe3 Qb2+ 34. Kg3 c3 35. Qd4+ Kh7 36. Qf6 Qb8+ 37. Kh3 Qc7 38. g5 c2 39.
gxh6 Kxh6 40. Qh8+ Kg5 41. Qh4+ Kf5 42. Qe4+ Kf6 43. Qd4+ e5 44. Qh4+ Kg7 45.
a5 c1=Q 46. a6 Qf1+ 47. Kg4 Qd7+ 48. Kg3 Qe1+ 49. Kg2 Qxh4 50. a7 Qxa7 51. f4
Qhf2+ 52. Kh1 Qa1# 0-1